000 00511nam a2200193 a 4500
001 1772013440625
003 YourLibrary
005 20260225152851.0
008 260225s2008##################000#0#eng##
020 _a9780747593294
082 0 4 _a327.51
_bGEL
100 1 _aGelber, Harry Gregor,
_eauthor.
245 1 0 _aThe Dragon and the Foreign Devils :
260 _bBloomsbury Paperbacks,
_c2008.
300 _a492 pages
650 0 _aChina.
942 _cENGLISH
040 _aYourLibrary
_beng
_cYourLibrary
999 _c615658
_d615658